| Tag |
First Indicator |
Second Indicator |
Subfields |
| LEADER |
00000cam a2200000 4500 |
| 001 |
in00000030667 |
| 005 |
20151007062959.0 |
| 008 |
761227m18921894nyuc 00010 engm |
| 010 |
|
|
|a 03029681
|
| 035 |
|
|
|a (OCoLC)02649768
|
| 035 |
|
|
|9 AAD6249AM
|
| 040 |
|
|
|a DLC
|c AZU
|d AZU
|d TXA
|d UtOrBLW
|
| 049 |
|
|
|a TXAM
|v 2 [5402]
|v 3 [5403]
|
| 050 |
0 |
0 |
|a PS1485
|b .A1 1892
|
| 092 |
|
|
|a 814
|b C978f
|
| 100 |
1 |
|
|a Curtis, George William,
|d 1824-1892.
|
| 245 |
1 |
0 |
|a From the easy chair /
|c by George William Curtis.
|
| 264 |
|
1 |
|a New York :
|b Harper and Brothers,
|c 1892-94.
|
| 300 |
|
|
|a 3 volumes :
|b frontispiece (portraits) ;
|c 16 cm.
|
| 336 |
|
|
|a text
|b txt
|2 rdacontent
|
| 337 |
|
|
|a unmediated
|b n
|2 rdamedia
|
| 338 |
|
|
|a volume
|b nc
|2 rdacarrier
|
| 999 |
|
|
|a MARS
|
| 999 |
f |
f |
|s 282995a7-6378-3b93-8441-fae774e13ec5
|i aee48977-8e1e-3c4a-b91b-16dd62d8e65c
|t 0
|
| 952 |
f |
f |
|p ric
|a Texas A&M University
|b Rellis Campus
|c Joint Library Facility
|d Remote Storage
|t 0
|e PS1485 .A1 1892
|h Library of Congress classification
|i unmediated -- volume
|k v.3
|m A14801257770
|
| 952 |
f |
f |
|p ric
|a Texas A&M University
|b Rellis Campus
|c Joint Library Facility
|d Remote Storage
|t 0
|e PS1485 .A1 1892
|h Library of Congress classification
|i unmediated -- volume
|k v.2
|m A14801257788
|
| 998 |
f |
f |
|a PS1485 .A1 1892
|s v.2-v.3
|t 0
|l Remote Storage
|